|
|
|
|
| LEADER |
00000nab a2200000 a 4500 |
| 001 |
vtls000413187 |
| 003 |
SK-MaSNL |
| 005 |
20260305021328.0 |
| 008 |
160215c1991 xo 0 slo |
| 015 |
|
|
|a SNBRB19rr/mm-uuuuu
|
| 035 |
|
|
|a CL0413312
|
| 040 |
|
|
|a SNKBUCL
|b slo
|c SNKBUCL
|e AACR2
|
| 041 |
0 |
|
|a slo
|
| 044 |
|
|
|a xo
|c SK
|
| 080 |
|
|
|a 75.071.1
|2 1981
|
| 080 |
|
|
|a 929 Ballo, Eduard
|2 1981
|
| 100 |
1 |
|
|a Szuttor, O.
|4 aut
|9 977854
|
| 245 |
1 |
0 |
|a Eduard Ballo (1859-1936)
|c O. Szuttor
|
| 600 |
1 |
7 |
|a Ballo, Eduard,
|d 1859-1936
|2 snkbucl
|9 264283
|
| 655 |
|
7 |
|a články z novín a časopisov
|2 snkbucl
|9 267496
|
| 773 |
0 |
|
|t Evanjelický posol spod Tatier
|g Roč. 81, č. 13 (1991), s. 100
|
| 850 |
|
|
|a Slovenská národná knižnica v Martine
|a MTA001
|
| 852 |
|
|
|a SNK
|b KIS3GCP
|
| 958 |
|
|
|a BX
|
| 958 |
|
|
|a RK
|
| 992 |
|
|
|a RBX
|
| 999 |
|
|
|c 3285156
|d 3287086
|